000 00568nam a2200193Ia 4500
003 IN-BaIIA
008 211028s9999 xx 000 0 eng d
020 _a978-81-7371-211-1
040 _cIIA Library
080 _a538.3
_bFEY
100 _aFeynman, Richard P.
245 0 _aQED
_bthe strange theory of light and matter
_cRichard P. Feynman
260 _aHyderabad
_bUniversities Press
_c1999
300 _ax, 158p.
650 _aPhotons
_93335
650 _aQED
650 _aQuantum electrodynamics
_92630
942 _cBK
999 _c13416
_d13416